| 000 | 00645nam a22001937a 4500 | ||
|---|---|---|---|
| 005 | 20230512221244.0 | ||
| 008 | 180213t xxu||||| |||| 00| 0 eng d | ||
| 020 | _a9789715847674 | ||
| 082 | 0 |
_a657.2 _bOn3m |
|
| 100 |
_aOng, Flocer Lao, _eauthor. |
||
| 245 | 0 | 0 |
_aMerchandising for beginner : _ba workbook / _cFlocer Lao Ong |
| 260 |
_aQuezon City : _bC & E Publishing. _c2009. |
||
| 300 |
_a132 pages : _btables, charts ; _c25 cm. |
||
| 650 | 1 | 0 | _aRetail trade. |
| 650 | 1 | 0 | _aMerchandising. |
| 942 |
_cBOOK _jFIL 657.2 On3m 2009 |
||
| 999 |
_c1761 _d1761 |
||